书目信息 |
| 题名: |
黑体辐射数据表
|
|
| 作者: | 朱焕文 编 | |
| 分册: | ||
| 出版信息: | 北京 科学出版社 1984.4 |
|
| 页数: | 267页 | |
| 开本: | 26cm | |
| 丛书名: | ||
| 单 册: | ||
| 中图分类: | O434.31-64 | |
| 科图分类: | ||
| 主题词: | 光学 | |
| 电子资源: | ||
| ISBN: | ||
| 000 | 00515nam0 2200193 45 | |
| 001 | 0312221749 | |
| 005 | 20061120105708.76 | |
| 010 | @dCNY3.00 | |
| 100 | @a20031222d1984 km y0chiy0120 ea | |
| 101 | @achi | |
| 105 | @a z 000yy | |
| 200 | 1 | @a黑体辐射数据表@AHei Ti Fu She Shu Ju Biao@f朱焕文编@FZhu Huan Wen Bian |
| 210 | @a北京@c科学出版社@d1984.4 | |
| 215 | @a267页@d26cm | |
| 606 | 0 | @a光学 |
| 690 | @aO434.31-64@v3 | |
| 701 | 0 | @a朱焕文@4编 |
| 801 | @aCN@bTSTCL@c20061120 | |
| 905 | @a213230@dO434.31-64@e26 | |
| 黑体辐射数据表/朱焕文编.-北京:科学出版社,1984.4 |
| 267页;26cm |
| ISBN :CNY3.00 |
| ● |
| 相关链接 |
|
|
|
|
正题名:黑体辐射数据表
索取号:O434.31-64/26
 
预约/预借
| 序号 | 登录号 | 条形码 | 馆藏地/架位号 | 状态 | 备注 |
| 1 | 0103916 | 001463204 | 第二样本阅览室/ [索取号:O434.31-64/26] | 在馆 |